Management of Construction Projects: A Constructor's Perspective / (Record no. 616400)

000 -LEADER
fixed length control field 00434nam a22001457a 4500
020 ## - INTERNATIONAL STANDARD BOOK NUMBER
Qualifying information PB.
040 ## - CATALOGING SOURCE
Transcribing agency FIZZA ISHAQ
082 ## - DEWEY DECIMAL CLASSIFICATION NUMBER
Classification number 692
Author Mark JOH
100 ## - MAIN ENTRY--PERSONAL NAME
Personal name Schaufelberger, John E.
9 (RLIN) 133448
245 ## - TITLE STATEMENT
Title Management of Construction Projects: A Constructor's Perspective /
Statement of responsibility, etc. John E. Schaufelberger
250 ## - EDITION STATEMENT
Edition statement 2ND ED.
260 ## - PUBLICATION, DISTRIBUTION, ETC.
Place of publication, distribution, etc. LONDON:
Name of publisher, distributor, etc. ‎ Routledge,
Date of publication, distribution, etc. 2017.
300 ## - PHYSICAL DESCRIPTION
Extent 304 P. ;
Dimensions 7.44 x 0.73 x 9.69 inches
942 ## - ADDED ENTRY ELEMENTS (KOHA)
Source of classification or shelving scheme
Koha item type Book
Holdings
Withdrawn status Lost status Source of classification or shelving scheme Damaged status Not for loan Permanent Location Current Location Shelving location Date acquired Total Checkouts Full call number Barcode Date last seen Price effective from Koha item type
          NUST Baluchistan Campus (NBC) NUST Baluchistan Campus (NBC) General Stacks 02/25/2026   692 JOH Q-6381 02/25/2026 02/25/2026 Book
© 2023 Central Library, National University of Sciences and Technology. All Rights Reserved.